Donkey Kong 64 Trivia - Statistics

General Stats
  • This quiz has been taken 93 times
    82 since last reset
  • The average score is 11 of 15
Answer Stats
Question Answer % Correct
Donkey Kong and his friends are trying to get back the Golden Bananas. Which of his friends are not playable in the game? Dixie Kong
95%
Who gigantic reptile unlocks levels for the player in the game? K. Lumsy
90%
Which boss do you fight in Jungle Japes? Army Dillo
88%
Many NPCs help out the DK crew in getting back their bananas. What does Candy Kong do for them? Gives them instruments
88%
There is an infamous bonus game barrel, where you play as a klaptrap, that appears multiple times in the game and appears in Creepy Castle twice. What is it? Beaver Bother
78%
The player must play an arcade game in Frantic Factory in order to get the final key of the game. What game must they play? Donkey Kong
78%
What game do you unlock in the laboratory for getting 15 banana medals throughout the levels? Jetpack
76%
What is true about every level in DK64? They all have alliterative names
73%
What move is the first one learned in the game, used to hit buttons all over the island? Simian Slam
66%
How many Golden Bananas are in Donkey Kong 64? 201
63%
Each level in has DK64 has warp pads to connect certain parts of the level, what number do these pads reach? 5
63%
Mad Jack is one of the hardest bosses in the game for most people, what does he do in the final phase of the fight? Turn Invisible
59%
What is the name of the sixth level unlocked in Donkey Kong 64? Crystal Caves
54%
Frantic Factory is a very interesting level layout, how many floors does it have? 4
44%
The fat commando enemies are not killable with basic attacks. How do you take them down? All of the above
37%
No matching quizzes found
Score Distribution
Percent of People with Each Score
Percentile by Number Answered
Your Score History
You have not taken this quiz since the last reset